Midlands mismatch (Record no. 80422)

MARC details
000 -LEADER
fixed length control field 00756cab a22001935a 4500
001 - CONTROL NUMBER
control field L144307
008 - FIXED-LENGTH DATA ELEMENTS--GENERAL INFORMATION
fixed length control field 080709s2008 xxkdo f s 000 0 eng d
035 ## - SYSTEM CONTROL NUMBER
System control number (Sirsi) u144307
041 0# - LANGUAGE CODE
Language code of text/sound track or separate title eng
110 2# - MAIN ENTRY--CORPORATE NAME
Corporate name or jurisdiction name as entry element Housebuilder
245 00 - TITLE STATEMENT
Title Midlands mismatch
260 ## - PUBLICATION, DISTRIBUTION, ETC.
Date of publication, distribution, etc. 2008
490 ## - SERIES STATEMENT
Series statement Housebuilder
Volume/sequential designation 87(6) July 2008, 18-19(2)
520 ## - SUMMARY, ETC.
Summary, etc. Article explains that the market slowdown across the east midlands has made trading difficult for small and medium enterprises (SMEs) in the region; who are experiencing reduced sales and resevations as a result of lower consumer access to mortgages and are yet to benefit from any reduction of land values
590 ## - LOCAL NOTE (RLIN)
Local note KA
651 #4 - SUBJECT ADDED ENTRY--GEOGRAPHIC NAME
Geographic name United Kingdom
Chronological subdivision
690 ## - LOCAL SUBJECT ADDED ENTRY--TOPICAL TERM (OCLC, RLIN)
Topical term or geographic name as entry element Residential property
9 (RLIN) 6266
942 ## - ADDED ENTRY ELEMENTS (KOHA)
Suppress in OPAC 0
Holdings
Withdrawn status Lost status Source of classification or shelving scheme Damaged status Not for loan Home library Current library Shelving location Date acquired Total Checkouts Full call number Barcode Date last seen Copy number Price effective from Koha item type
    Dewey Decimal Classification     London London Journal article 09/07/2008   L144307 144307-1001 06/08/2019 1 06/08/2019 Journal article